Central Library OPAC University of Rajshahi

Introductory plant physiology / (Record no. 79123)

MARC details
000 -LEADER
fixed length control field 01040cam a22003132 4500
001 - CONTROL NUMBER
control field 012916435
003 - CONTROL NUMBER IDENTIFIER
control field UkOxU
005 - DATE AND TIME OF LATEST TRANSACTION
control field 20220105130524.0
008 - FIXED-LENGTH DATA ELEMENTS--GENERAL INFORMATION
fixed length control field 751215s1976 njua b 001 0 eng
010 ## - LIBRARY OF CONGRESS CONTROL NUMBER
LC control number 75044357 //r842
020 ## - INTERNATIONAL STANDARD BOOK NUMBER
International Standard Book Number 0135021871
035 ## - SYSTEM CONTROL NUMBER
System control number OCLC ocm01976832 from D971009M
040 ## - CATALOGING SOURCE
Original cataloging agency DLC
Transcribing agency DLC
Modifying agency EQO
050 0# - LIBRARY OF CONGRESS CALL NUMBER
Classification number QK711.2
Item number .N63
060 ## - NATIONAL LIBRARY OF MEDICINE CALL NUMBER
Classification number QK711.2 N776i
082 0# - DEWEY DECIMAL CLASSIFICATION NUMBER
Classification number 582/.01
Edition number 19
100 1# - MAIN ENTRY--PERSONAL NAME
Personal name Noggle, Glen Ray,
Dates associated with a name 1914-
9 (RLIN) 527
245 10 - TITLE STATEMENT
Title Introductory plant physiology /
Statement of responsibility, etc. G. Ray Noggle, George J. Fritz.
260 ## - PUBLICATION, DISTRIBUTION, ETC.
Place of publication, distribution, etc. Englewood Cliffs, N.J. :
Name of publisher, distributor, etc. Prentice-Hall,
Date of publication, distribution, etc. c1976.
300 ## - PHYSICAL DESCRIPTION
Extent xiv, 688 p. :
Other physical details ill. ;
Dimensions 25 cm.
490 1# - SERIES STATEMENT
Series statement Prentice-Hall biological sciences series
504 ## - BIBLIOGRAPHY, ETC. NOTE
Bibliography, etc. note Includes bibliographies and index.
650 #0 - SUBJECT ADDED ENTRY--TOPICAL TERM
Topical term or geographic name entry element Plant physiology.
9 (RLIN) 528
Topical term or geographic name entry element Plants
General subdivision physiology.
9 (RLIN) 529
700 1# - ADDED ENTRY--PERSONAL NAME
Personal name Fritz, George J.
Fuller form of name (George John),
Dates associated with a name 1919-
9 (RLIN) 530
830 #0 - SERIES ADDED ENTRY--UNIFORM TITLE
Uniform title Prentice-Hall biological science series.
9 (RLIN) 531
942 ## - ADDED ENTRY ELEMENTS (KOHA)
Source of classification or shelving scheme Dewey Decimal Classification
Koha item type Books
Suppress in OPAC No

No items available.